| 000 | 00489nam a2200181Ia 4500 | ||
|---|---|---|---|
| 008 | 151018s9999 xx 000 0 und d | ||
| 082 |
_bRBASDV22200 _a891.463 |
||
| 100 | _aसुरेश वैद्य | ||
| 245 | _aनकळत | ||
| 250 | _b1 | ||
| 260 |
_bदिलीपराज _c1987 |
||
| 300 | _a205 | ||
| 600 | _aसुरेश वैद्य | ||
| 630 | _aनकळत | ||
| 700 | _aसुरेश वैद्य | ||
| 730 | _aनकळत | ||
| 942 | _cBOOK | ||
| 999 |
_c1021870 _d1021867 |
||